• 首页
  • 本馆介绍
  • 公告通知
  • 最新文献
  • 馆藏检索
  • 电子资源
  • 读者导购
  • 参考咨询
  • 我的图书馆
  • 登录
  • 详细信息显示
  • 放入我的书架
  • 预约/预借图书
  • 作者相关作品
  • 分类相关作品
  • 丛书相关作品
  • 出版社相关作品

书目信息

  • 表格格式
  • 工作单格式
  • 卡片格式
题名:
政治经济学从古典学派到马克思的发展
    
 
作者: 王元璋 著
分册:  
出版信息: 北京   求实出版社  1989.3
页数: 431页
开本: 19cm
丛书名:
单 册:
中图分类: F0
科图分类:
主题词: 经济思想史--研究--世界 , 政治经济学
电子资源:
ISBN: 7-80033-058-3
000 00990nam0 2200253 45
001 0190002477
005 20061025083445.40
010    @a7-80033-058-3@dCNY3.65
100    @a19921104d1989 kemy0chiy0121 ea
101 0  @achi
102    @aCN@b110000
105    @ay z 000yy
106    @ar
200 10 @a政治经济学从古典学派到马克思的发展@AZHENG ZHI JING JI XUE CONG GU DIAN XUE PAI DAO MA KE SI DE FA ZHAN@f王元璋著@FWANG YUAN ZHANG ZHU
210    @a北京@c求实出版社@d1989.3
215    @a431页@d19cm
330    @a本书围绕《资本论》,历史地考察了有关劳动价值、商品货币、剩余价值、流通、地租、危机及未来社会经济特征等十七个基本经济理论问题,分析和评述了西欧古典政治经济学各派的贡献及其局限性。
540 1  @a政治经济学 古典学派 马克思 发展@AZHENG ZHI JING JI XUE GU DIAN XUE PAI MA KE SI FA ZHAN
606    @a经济思想史@x研究@y世界
606 0  @a政治经济学
690    @aF0
701  0 @a王元璋@AWANG YUAN ZHANG@4著
801  0 @aCN@bNLC@c20061025
905    @f4@b257813-816@dF0@e131
    
    政治经济学从古典学派到马克思的发展/王元璋著.-北京:求实出版社,1989.3
    431页;19cm
    
    
    ISBN 7-80033-058-3:CNY3.65
    本书围绕《资本论》,历史地考察了有关劳动价值、商品货币、剩余价值、流通、地租、危机及未来社会经济特征等十七个基本经济理论问题,分析和评述了西欧古典政治经济学各派的贡献及其局限性。
●
相关链接 在E读中查询图书 在五车中查询图书 在当当中查询图书 在豆瓣中查询图书


正题名:政治经济学从古典学派到马克思的发展     索取号:F0/131         预约/预借

序号 登录号 条形码 馆藏地/架位号 状态 备注
1 0257812   001269549   第一样本阅览室/ [索取号:F0/131] 在馆    
2 0257813   001269576   第一借阅区/ [索取号:F0/131] 在馆    
3 0257814   001269558   密集书库/ [索取号:F0/131] 在馆    
4 0257815   001269567   密集书库/ [索取号:F0/131] 在馆    
5 0257816   001269585   密集书库/ [索取号:F0/131] 在馆    
唐山师范学院图书馆 欢迎您!
大连网信软件有限公司© 版权所有